• 首页
  • 本馆介绍
  • 公告通知
  • 最新文献
  • 馆藏检索
  • 电子资源
  • 读者导购
  • 参考咨询
  • 我的图书馆
  • 登录
  • 详细信息显示
  • 放入我的书架
  • 预约/预借图书
  • 作者相关作品
  • 分类相关作品
  • 丛书相关作品
  • 出版社相关作品

书目信息

  • 表格格式
  • 工作单格式
  • 卡片格式
题名:
癌的防治与康复
    
 
作者: 洪元康 , 赵德明 主编
分册:  
出版信息: 成都   四川辞书出版社  1989.5
页数: 283页
开本: 19cm
丛书名:
单 册:
中图分类: R73-49
科图分类:
主题词: 肿瘤学
电子资源:
ISBN:
000 00589nam0 2200193 45
001 0181013342
005 20060524151817.29
010    @dCNY2.80
100    @a20810111d km y0chiy0120 ea
101 0  @achi
200 1  @a癌的防治与康复@Aai de fang zhi yu kang fu@f洪元康,赵德明主编@Fhong yuan kang,zhao de ming zhu bian
210    @a成都@c四川辞书出版社@d1989.5
215    @a283页@d19cm
606 0  @a肿瘤学
690    @aR73-49
701  0 @a洪元康@Ahong yuan kang@4主编
701  0 @a赵德明@Azhao de ming@4主编
801    @aCN@bTSTC@c20060524
905    @dR73-49@f2@b245194-195@f0@f1@b245197@e12
    
    癌的防治与康复/洪元康,赵德明主编.-成都:四川辞书出版社,1989.5
    283页;19cm
    
    
    ISBN :CNY2.80
    
●
相关链接 在E读中查询图书 在五车中查询图书 在当当中查询图书 在豆瓣中查询图书


正题名:癌的防治与康复     索取号:R73-49/12         预约/预借

序号 登录号 条形码 馆藏地/架位号 状态 备注
1 0245194   000716586   第三借阅区/ [索取号:R73-49/12] 在馆    
2 0245195   000716577   第三借阅区/ [索取号:R73-49/12] 在馆    
3 0245196   202377775   密集书库/ [索取号:R73-49/12] 在馆    
4 0245197   000716595   第三借阅区/ [索取号:R73-49/12] 在馆    
5 0245198   000716531   第二样本阅览室/ [索取号:R73-49/12] 在馆    
唐山师范学院图书馆 欢迎您!
大连网信软件有限公司© 版权所有